Operaciones en contra: El asilo político de Jacobo Arvenz Guzmán en Uruguay )1957-60) /
Сохранить в:
| Главный автор: | |
|---|---|
| Формат: | Текст |
| Метки: |
Добавить метку
Нет меток, Требуется 1-ая метка записи!
|
MARC
| LEADER | 00000 a a2200000 04500 | ||
|---|---|---|---|
| 001 | 45470 | ||
| 003 | |||
| 040 | |||
| 090 | |a REV0780 (42)2004 | ||
| 100 | |a García, Roberto | ||
| 245 | |a Operaciones en contra: |b El asilo político de Jacobo Arvenz Guzmán en Uruguay )1957-60) / |c Roberto García | ||
| 773 | |g número42, VI Epoca (2004), páginas 45-70 | ||
| 999 | |c 32504 |d 32504 | ||
